<?xml version="1.0" encoding="UTF-8"?><?xml-stylesheet type="text/xsl" href="static/style.xsl"?><OAI-PMH xmlns="http://www.openarchives.org/OAI/2.0/" xmlns:xsi="http://www.w3.org/2001/XMLSchema-instance" xsi:schemaLocation="http://www.openarchives.org/OAI/2.0/ http://www.openarchives.org/OAI/2.0/OAI-PMH.xsd"><responseDate>2026-06-03T09:01:17Z</responseDate><request verb="GetRecord" identifier="oai:riuma.uma.es:10630/30070" metadataPrefix="marc">https://riuma.uma.es/rest/oai/request</request><GetRecord><record><header><identifier>oai:riuma.uma.es:10630/30070</identifier><datestamp>2026-02-03T11:55:55Z</datestamp><setSpec>com_10630_2254</setSpec><setSpec>col_10630_37959</setSpec></header><metadata><record xmlns="http://www.loc.gov/MARC21/slim" xmlns:dcterms="http://purl.org/dc/terms/" xmlns:doc="http://www.lyncode.com/xoai" xmlns:xsi="http://www.w3.org/2001/XMLSchema-instance" xsi:schemaLocation="http://www.loc.gov/MARC21/slim http://www.loc.gov/standards/marcxml/schema/MARC21slim.xsd">
   <leader>00925njm 22002777a 4500</leader>
   <datafield ind2=" " ind1=" " tag="042">
      <subfield code="a">dc</subfield>
   </datafield>
   <datafield ind2=" " ind1=" " tag="720">
      <subfield code="a">Romero, Felipe</subfield>
      <subfield code="e">author</subfield>
   </datafield>
   <datafield ind2=" " ind1=" " tag="720">
      <subfield code="a">Romero-Gómez, Luis Felipe</subfield>
      <subfield code="e">author</subfield>
   </datafield>
   <datafield ind2=" " ind1=" " tag="720">
      <subfield code="a">Bandera-Burgueño, Gerardo</subfield>
      <subfield code="e">author</subfield>
   </datafield>
   <datafield ind2=" " ind1=" " tag="260">
      <subfield code="c">2023</subfield>
   </datafield>
   <datafield ind2=" " ind1=" " tag="520">
      <subfield code="a">En muchas aplicaciones, tales como la manipulación de datos hiperespectrales, la exploración de datos de resonancia magnética o la identificación de cuencas visuales en modelos digitales de elevación, es necesario realizar operaciones aritméticas sobre cada punto de una malla de datos que implican al resto de puntos de la misma, lo que puede resultar en un problema computacionalmente intratable. Se presenta en este trabajo SkewEngine, una herramienta diseñada para mejorar el rendimiento de cálculos intensivos en mallas regulares de datos 2D o 3D, como imágenes, volúmenes de datos multiespectrales o modelos digitales de elevación. SkewEngine soluciona este problema mediante la reorganización de la malla en memoria según una dirección espacial preferente, lo que permite una mayor eficiencia en la realización de cálculos intensivos. Se demuestra que SkewEngine ofrece una mejora significativa en la velocidad de los cálculos para una variedad de casos de prueba, lo que sugiere que puede ser una herramienta útil en una mucho más amplia gama de aplicaciones en las que se requiere procesamiento intensivo de datos en mallas regulares.</subfield>
   </datafield>
   <datafield ind1="8" ind2=" " tag="024">
      <subfield code="a">Avances en Arquitectura y Tecnología de Computadores.  Actas Jornadas SARTECO 2023, Ciudad Real, 20 al 23 de septiembre de 2023. Sociedad de Arquitectura y Tecnología de Computadores (SARTECO).</subfield>
   </datafield>
   <datafield ind1="8" ind2=" " tag="024">
      <subfield code="a">https://hdl.handle.net/10630/30070</subfield>
   </datafield>
   <datafield tag="653" ind2=" " ind1=" ">
      <subfield code="a">Informática - Aplicaciones - Congresos</subfield>
   </datafield>
   <datafield ind2="0" ind1="0" tag="245">
      <subfield code="a">SkewEngine: reorganización de mallas regulares para cálculo intensivo</subfield>
   </datafield>
</record>
</metadata></record></GetRecord></OAI-PMH>